000
00316nam a22001457a 4500
008
221111b ||||| |||| 00| 0 eng d
020
_a
9780822956945
041
_a
eng
080
_a
521
082
_a
521 EAR
100
_a
19.1
101
_a
ASTR
245
_a
THE COSMOS OF SCIENCE
_c
EARMAN J
942
_2
udc
_c
BK
999
_c
58867
_d
58867